000 00668aaa a2200217 4500
999 _c12224
_d12224
001 12224
003 BD-JhCC
005 20210429103554.0
008 171003s19662014bg |||| ||a| 00| 0 ben d
035 _a(BD-JhCC)12224
040 _aBD-JhCC
_dBD-JhCC
041 _aBengali
082 _223
_a891.442
_bAHM 2014
100 _aআহমেদ, হুমায়ুন
245 _aমঞ্চ নাটক ১৯৭১ /
_b হুমায়ুন আহমেদ
260 _aঢাকা:
_bআফসার ব্রাদার্স;
_c২০১৪.
300 _a48 p.:
_c22 cm.
651 _aBangladesh
_xDrama
942 _2ddc
_cBK
_01